[Event "Belgrade op"]
[Site "Belgrade"]
[Date "2009.11.30"]
[Round "7"]
[White "Spasojevic, Miodrag"]
[Black "Sarenac, Ivan"]
[Result "1/2-1/2"]
[WhiteElo "2226"]
[BlackElo "2341"]
[PlyCount "52"]
[EventDate "2009.11.24"]
[EventType "swiss"]
[EventRounds "9"]
[EventCountry "YUG"]
[SourceTitle "CBM 133 Extra"]
[Source "ChessBase"]
[SourceDate "2010.01.05"]
[SourceVersion "1"]
[SourceVersionDate "2010.01.05"]
[SourceQuality "1"]

1. e4 c5 2. Nf3 Nc6 3. d4 cxd4 4. Nxd4 e5 5. Nb5 d6 6. c4 Be7 7. Be2 f5 8. exf5 Bxf5 9. Bg4 Bxg4 10. Qxg4 Nf6 11. Qd1 0-0 12. 0-0 Rc8 13. N1c3 a6 14. Na3 Kh8 15. Bg5 Nd7 16. Be3 Qe8 17. Nd5 Qg6 18. Nb6 Nxb6 19. Bxb6 Bd8 20. Be3 Ne7 21. Qe2 Nf5 22. Rad1 Bg5 23. b3 Rf7 24. Nb1 Nxe3 25. fxe3 Rxf1+ 26. Rxf1 b6 1/2-1/2

[Event "Belgrade op"]
[Site "Belgrade"]
[Date "2009.11.29"]
[Round "6"]
[White "Urosevic, Marija"]
[Black "Spasojevic, Miodrag"]
[Result "0-1"]
[WhiteElo "2094"]
[BlackElo "2226"]
[PlyCount "80"]
[EventDate "2009.11.24"]
[EventType "swiss"]
[EventRounds "9"]
[EventCountry "YUG"]
[SourceTitle "CBM 133 Extra"]
[Source "ChessBase"]
[SourceDate "2010.01.05"]
[SourceVersion "1"]
[SourceVersionDate "2010.01.05"]
[SourceQuality "1"]

1. d4 Nf6 2. c4 g6 3. Nc3 Bg7 4. e4 d6 5. f3 e5 6. d5 Nh5 7. Be3 f5 8. exf5 gxf5 9. f4 Nf6 10. fxe5 dxe5 11. Nf3 0-0 12. Be2 Qe7 13. 0-0 Ng4 14. Bf2 Nxf2 15. Rxf2 Nd7 16. Bf1 Nf6 17. Re2 Ng4 18. Qe1 e4 19. Kh1 Bxc3 20. bxc3 Qd6 21. Qh4 exf3 22. gxf3 Nf6 23. Rg2+ Kh8 24. Rg6 Qe7 25. Re1 Qf7 26. Rh6 Bd7 27. Bd3 Rae8 28. Rg1 b6 29. Rgg6 Nh5 30. Qxh5 Re1+ 31. Kg2 Rg8 32. Rxg8+ Qxg8+ 33. Kh3 Rg1 34. Kh4 Qd8+ 35. Kh3 Qg8 36. Kh4 Rg2 37. Kh3 Rg5 38. Qh4 f4+ 39. Re6 Bxe6+ 40. dxe6 Qxe6+ 0-1

[Event "Belgrade op"]
[Site "Belgrade"]
[Date "2009.11.27"]
[Round "4"]
[White "Todorovic, Goran M"]
[Black "Spasojevic, Miodrag"]
[Result "1-0"]
[WhiteElo "2458"]
[BlackElo "2226"]
[PlyCount "55"]
[EventDate "2009.11.24"]
[EventType "swiss"]
[EventRounds "9"]
[EventCountry "YUG"]
[SourceTitle "CBM 133 Extra"]
[Source "ChessBase"]
[SourceDate "2010.01.05"]
[SourceVersion "1"]
[SourceVersionDate "2010.01.05"]
[SourceQuality "1"]

1. e4 c5 2. Nf3 d6 3. d4 cxd4 4. Nxd4 Nf6 5. Nc3 g6 6. Be3 Bg7 7. f3 0-0 8. Qd2 Nc6 9. Bc4 Bd7 10. 0-0-0 Rc8 11. Bb3 Ne5 12. Kb1 Nc4 13. Bxc4 Rxc4 14. g4 Qc7 15. g5 Nh5 16. Nd5 Qd8 17. Ne2 e6 18. Ndc3 Rc6 19. Bd4 Ra6 20. Bxg7 Kxg7 21. Ng3 Qa5 22. Nxh5+ gxh5 23. Qf4 Qc5 24. Rd3 f5 25. e5 d5 26. Ne2 Rc8 27. Nd4 Ra4 28. Nxe6+ 1-0

[Event "Belgrade Trophy 19th"]
[Site "Belgrade"]
[Date "2006.11.27"]
[Round "6"]
[White "Sredojevic, Ivan"]
[Black "Spasojevic, Miodrag"]
[Result "1-0"]
[WhiteElo "2336"]
[BlackElo "2188"]
[PlyCount "65"]
[EventDate "2006.11.22"]
[EventType "swiss"]
[EventRounds "9"]
[EventCountry "YUG"]
[SourceTitle "CBM 115 Extra"]
[Source "ChessBase"]
[SourceDate "2007.01.10"]
[SourceVersion "1"]
[SourceVersionDate "2007.01.10"]
[SourceQuality "1"]

1. e4 e5 2. Nf3 Nc6 3. Bb5 a6 4. Ba4 Nf6 5. 0-0 Be7 6. Re1 b5 7. Bb3 0-0 8. h3 Bb7 9. d3 d5 10. exd5 Nxd5 11. Nxe5 Nxe5 12. Rxe5 Qd6 13. Re1 c5 14. Nd2 Rae8 15. a4 Bd8 16. Ne4 Qc6 17. axb5 axb5 18. c4 Nc7 19. Bf4 Kh8 20. cxb5 Nxb5 21. Ba4 Re6 22. Qb3 Ba6 23. Nd6 Rg6 24. g3 Rxd6 25. Bxb5 Bxb5 26. Bxd6 c4 27. dxc4 Bxc4 28. Rac1 Qxd6 29. Rxc4 Bb6 30. Rf4 g5 31. Rfe4 Qb8 32. Qc3+ f6 33. Re7 1-0

[Event "Belgrade Trophy 19th"]
[Site "Belgrade"]
[Date "2006.11.26"]
[Round "5"]
[White "Spasojevic, Miodrag"]
[Black "Payen, Arnaud"]
[Result "0-1"]
[WhiteElo "2188"]
[BlackElo "2369"]
[PlyCount "134"]
[EventDate "2006.11.22"]
[EventType "swiss"]
[EventRounds "9"]
[EventCountry "YUG"]
[SourceTitle "CBM 115 Extra"]
[Source "ChessBase"]
[SourceDate "2007.01.10"]
[SourceVersion "1"]
[SourceVersionDate "2007.01.10"]
[SourceQuality "1"]

1. e4 e5 2. Nf3 d6 3. d4 exd4 4. Nxd4 Nf6 5. Nc3 Be7 6. Nde2 c6 7. g3 b5 8. a3 a5 9. Bg2 Ba6 10. b4 0-0 11. 0-0 Nbd7 12. Nd4 Bb7 13. Rb1 axb4 14. axb4 g6 15. Nb3 Ra6 16. h3 Re8 17. Bh6 Ba8 18. Ra1 Rxa1 19. Qxa1 Nb6 20. Rd1 Nc4 21. Qa7 Nd7 22. Bf4 Ndb6 23. Na5 g5 24. Bc1 Bf6 25. Ne2 Re7 26. Qa6 Qb8 27. Nxc4 Nxc4 28. Qa2 c5 29. Qb3 Bxe4 30. Bxe4 Rxe4 31. Qf3 Re6 32. h4 h6 33. hxg5 hxg5 34. Kg2 Ne5 35. Qd5 Qb6 36. bxc5 dxc5 37. Be3 Be7 38. Qa8+ Kg7 39. Nc3 Ng4 40. Nd5 Nxe3+ 41. Nxe3 Qc6+ 42. Qxc6 Rxc6 43. Rd7 Bf8 44. f4 gxf4 45. gxf4 c4 46. Kf3 Ba3 47. Ng4 Bb2 48. Rb7 Rc5 49. Ke4 Kg6 50. Rb6+ f6 51. Ne3 Kh5 52. Rb8 Bc3 53. Nf5 Kg6 54. Rg8+ Kf7 55. Rg7+ Kf8 56. Rb7 b4 57. Nd6 Be1 58. Rf7+ Kg8 59. Rb7 b3 60. Rb8+ Kh7 61. Rb7+ Kg6 62. cxb3 c3 63. f5+ Kh6 64. Nf7+ Kh5 65. Rb8 c2 66. Rh8+ Kg4 67. Rg8+ Kh3 0-1

[Event "Belgrade-chT"]
[Site "Belgrade"]
[Date "2005.10.09"]
[Round "9"]
[White "Ivanovic, Nikola"]
[Black "Spasojevic, Miodrag"]
[Result "1-0"]
[WhiteElo "2190"]
[BlackElo "2204"]
[PlyCount "130"]
[EventDate "2005.10.01"]
[EventType "tourn"]
[EventRounds "9"]
[EventCountry "YUG"]
[SourceTitle "CBM 108 Extra"]
[Source "ChessBase"]
[SourceDate "2005.11.04"]
[SourceVersion "1"]
[SourceVersionDate "2005.11.04"]
[SourceQuality "1"]

1. d4 Nf6 2. c4 g6 3. Nc3 Bg7 4. Nf3 0-0 5. g3 d6 6. Bg2 Nbd7 7. 0-0 e5 8. e4 c6 9. h3 Re8 10. Be3 Qc7 11. Qc2 b6 12. Rfe1 Ba6 13. b3 Rad8 14. Rad1 Bb7 15. Rd2 Nf8 16. Red1 Ne6 17. d5 cxd5 18. exd5 Nf8 19. Qc1 Ra8 20. Rc2 Bc8 21. Nb5 Qe7 22. Qa3 Rd8 23. Re2 Bb7 24. Rde1 Qd7 25. Rd1 Qe7 26. Nxa7 N8d7 27. Qa4 Nc5 28. Nc6 Bxc6 29. Qxc6 Nce4 30. Rc2 Nd7 31. Qb5 Nec5 32. Qb4 f5 33. Ng5 e4 34. Ne6 Nxe6 35. dxe6 Nc5 36. Qxb6 Nxe6 37. Qc6 Kh8 38. Rcd2 Rac8 39. Qd5 Bf6 40. Bb6 Rd7 41. a4 h5 42. a5 h4 43. a6 hxg3 44. fxg3 Be5 45. Kh1 Nf8 46. Bd4 e3 47. Re2 Rc5 48. Bxc5 dxc5 49. Rxe3 Rxd5 50. Rxd5 Qa7 51. Rdxe5 Qxa6 52. Rxc5 f4 53. gxf4 Ne6 54. Rc6 Qa1+ 55. Kh2 Ng7 56. Rxg6 Qd4 57. Reg3 Qf2 58. Rf3 Qc2 59. Rxg7 Kxg7 60. f5 Kf6 61. h4 Qe2 62. h5 Qe5+ 63. Kh3 Qe8 64. Kh4 Qe1+ 65. Kh3 Qe8 1-0

[Event "Belgrade Trophy 18th"]
[Site "Obrenovac"]
[Date "2005.??.??"]
[Round "2"]
[White "Spasojevic, Miodrag"]
[Black "Pap, Misa"]
[Result "0-1"]
[WhiteElo "2204"]
[BlackElo "2389"]
[PlyCount "62"]
[EventDate "2005.11.22"]
[EventType "swiss"]
[EventRounds "9"]
[EventCountry "YUG"]
[SourceTitle "CBM 109 Extra"]
[Source "ChessBase"]
[SourceDate "2006.01.03"]
[SourceVersion "2"]
[SourceVersionDate "2006.01.03"]
[SourceQuality "1"]

1. c4 c5 2. Nf3 Nf6 3. Nc3 d6 4. g3 b6 5. Bg2 Bb7 6. 0-0 e6 7. d4 cxd4 8. Nxd4 Bxg2 9. Kxg2 a6 10. e4 Qc8 11. Qe2 Be7 12. Be3 Nbd7 13. Rac1 Qb7 14. f3 Rc8 15. Rfd1 0-0 16. b3 Rfe8 17. Qd2 Ne5 18. Qe2 Ng6 19. Qd2 Rcd8 20. Bf2 h5 21. Nc2 b5 22. cxb5 axb5 23. Ne3 b4 24. Ne2 d5 25. exd5 Nxd5 26. Nxd5 Rxd5 27. Qe1 Ne5 28. Nd4 Bg5 29. Rc2 Rxd4 30. Rxd4 Qxf3+ 31. Kg1 Qf5 0-1

[Event "Belgrade Trophy 17th"]
[Site "Obrenovac"]
[Date "2004.11.29"]
[Round "8"]
[White "Spasojevic, Miodrag"]
[Black "Ristic, Nebojsa M"]
[Result "1/2-1/2"]
[WhiteElo "2223"]
[BlackElo "2131"]
[PlyCount "20"]
[EventDate "2004.11.22"]
[EventType "swiss"]
[EventRounds "9"]
[EventCountry "YUG"]
[SourceTitle "CBM 103 Extra"]
[Source "ChessBase"]
[SourceDate "2005.01.01"]
[SourceVersion "1"]
[SourceVersionDate "2005.01.01"]
[SourceQuality "1"]

1. Nf3 Nf6 2. g3 d5 3. Bg2 c6 4. 0-0 Bf5 5. d3 Nbd7 6. Nbd2 e5 7. Nh4 Bg4 8. h3 Be6 9. e4 Bc5 10. Qe2 0-0 1/2-1/2

[Event "Belgrade Trophy 17th"]
[Site "Obrenovac"]
[Date "2004.11.28"]
[Round "7"]
[White "Stankovic, Milos"]
[Black "Spasojevic, Miodrag"]
[Result "1/2-1/2"]
[WhiteElo "2108"]
[BlackElo "2223"]
[PlyCount "75"]
[EventDate "2004.11.22"]
[EventType "swiss"]
[EventRounds "9"]
[EventCountry "YUG"]
[SourceTitle "CBM 103 Extra"]
[Source "ChessBase"]
[SourceDate "2005.01.01"]
[SourceVersion "1"]
[SourceVersionDate "2005.01.01"]
[SourceQuality "1"]

1. e4 e5 2. Nf3 Nc6 3. Bb5 a6 4. Ba4 Nf6 5. 0-0 b5 6. Bb3 Bc5 7. c3 d6 8. Qe2 h6 9. Rd1 Bb6 10. h3 0-0 11. d3 Bb7 12. Nbd2 Re8 13. Nf1 d5 14. Ne3 Na5 15. Bc2 Qe7 16. Nf5 Qf8 17. Nh2 dxe4 18. dxe4 Rad8 19. Rxd8 Rxd8 20. Ng4 Nxg4 21. Qxg4 Kh7 22. Qh4 f6 23. Qg4 Nc4 24. h4 Nd6 25. h5 Nxf5 26. Qxf5+ Kh8 27. Bb3 Bc8 28. Qf3 Qe7 29. Be3 Bxe3 30. Qxe3 Bg4 31. Qa7 Rd6 32. f3 Bxh5 33. Rd1 Rxd1+ 34. Bxd1 Bf7 35. Qxa6 Qc5+ 36. Kh2 Bc4 37. Bb3 Bxb3 38. axb3 1/2-1/2

[Event "Belgrade Trophy 17th"]
[Site "Obrenovac"]
[Date "2004.11.25"]
[Round "4"]
[White "Spasojevic, Miodrag"]
[Black "Panic, Nenad"]
[Result "0-1"]
[WhiteElo "2223"]
[BlackElo "2347"]
[PlyCount "67"]
[EventDate "2004.11.22"]
[EventType "swiss"]
[EventRounds "9"]
[EventCountry "YUG"]
[SourceTitle "CBM 103 Extra"]
[Source "ChessBase"]
[SourceDate "2005.01.01"]
[SourceVersion "1"]
[SourceVersionDate "2005.01.01"]
[SourceQuality "1"]

1. Nf3 Nf6 2. g3 b6 3. Bg2 Bb7 4. 0-0 c5 5. d3 d5 6. Nbd2 Qc7 7. Re1 e5 8. e4 d4 9. a4 Nbd7 10. Rf1 g6 11. Ng5 h6 12. Nh3 g5 13. f3 a6 14. Nf2 Be7 15. Bh3 b5 16. axb5 axb5 17. Rxa8+ Bxa8 18. b3 Nb6 19. Bf5 Bb7 20. Nh3 c4 21. bxc4 bxc4 22. f4 exf4 23. gxf4 g4 24. Nf2 Rg8 25. Kh1 g3 26. hxg3 Rxg3 27. Nf3 Qc5 28. Ne5 Bd6 29. Kh2 Rg8 30. Nfg4 Bxe5 31. Nxe5 Bc8 32. Bxc8 Qxc8 33. Rg1 cxd3 34. cxd3 0-1

[Event "Belgrade Trophy 17th"]
[Site "Obrenovac"]
[Date "2004.11.24"]
[Round "3"]
[White "Djurdjevic, Petar S"]
[Black "Spasojevic, Miodrag"]
[Result "0-1"]
[WhiteElo "2060"]
[BlackElo "2223"]
[PlyCount "71"]
[EventDate "2004.11.22"]
[EventType "swiss"]
[EventRounds "9"]
[EventCountry "YUG"]
[SourceTitle "CBM 103 Extra"]
[Source "ChessBase"]
[SourceDate "2005.01.01"]
[SourceVersion "1"]
[SourceVersionDate "2005.01.01"]
[SourceQuality "1"]

1. e4 e5 2. Nf3 Nc6 3. d4 exd4 4. Nxd4 Bc5 5. Be3 Qf6 6. c3 Nge7 7. Nc2 Bxe3 8. Nxe3 d6 9. Na3 a6 10. Nac2 0-0 11. Be2 Qg6 12. f3 Bd7 13. Qd2 f5 14. exf5 Nxf5 15. 0-0-0 Nxe3 16. Nxe3 Be6 17. Bd3 Qf7 18. b3 a5 19. Qc2 h6 20. Kb1 Ne5 21. Be4 Rab8 22. Rhf1 a4 23. Kb2 axb3 24. axb3 Nd7 25. Nd5 Nc5 26. Bg6 Qd7 27. Rfe1 c6 28. Nb6 Qc7 29. Rxe6 Nxe6 30. Nc4 d5 31. Re1 dxc4 32. Rxe6 Ra8 33. b4 Qb6 34. Bh7+ Kh8 35. Bg6 Qa7 36. Kc1 0-1